000 00814nam a22002537a 4500
001 32864
003 UA-OsUOA
005 20220710151543.0
007 ta
008 20050214b un ||||| |||| 00| 0 ukr d
040 _aUA-OsUOA
_brus
_cUA-OsUOA
_dUA-OsUOA
041 _arus
044 _aRU
080 _a821.162.3
090 _a821.162.3
_bЧ-19
100 _aЧапек К.
245 _aВойна с саламандрами. Мать. Рассказы. Юморески
_cКарел Чапек ; вступ. статья Б. Сучков
260 _aМосква
_bХудожественная литература
_c1976
300 _a656 с.
_bІлюстрації
650 7 _2UDC
942 _cBK
_2udc
955 _a0
999 _c319317
_d319317